logo

Bir Sreshtho Munshi Abdur Rouf Library
Jhenaidah Cadet College

বাঙলাদেশের প্রত্নসম্পদ / (Record no. 7776)

MARC details
000 -LEADER
fixed length control field 00811nam a2200241 a 4500
001 - CONTROL NUMBER
JCCL Control Number 7776
003 - CONTROL NUMBER IDENTIFIER
JCCL marc code BD-JhCC
005 - DATE AND TIME OF LATEST TRANSACTION
control field 20180213182402.0
008 - FIXED-LENGTH DATA ELEMENTS--GENERAL INFORMATION
fixed length control field 180213s19842007bg a|||| ||a| 001 0 ben d
020 ## - INTERNATIONAL STANDARD BOOK NUMBER
International Standard Book Number 9844832722
035 ## - SYSTEM CONTROL NUMBER
system control number (BD-JhCC)7776
040 ## - CATALOGING SOURCE
Original cataloging agency BD-JhCC
Modifying agency BD-JhCC
041 ## - LANGUAGE CODE
Language code of Book ben
082 ## - DEWEY DECIMAL CLASSIFICATION NUMBER
Classification number 954.92
Author mark and Year ZAK 1984
100 ## - MAIN ENTRY--PERSONAL NAME
Personal name যাকারিয়া,আবুল কালাম মোহাম্মদ.
245 ## - TITLE STATEMENT
Title বাঙলাদেশের প্রত্নসম্পদ /
Statement of responsibility, etc আবুল কালাম মোহাম্মদ যাকারিয়া.
260 ## - PUBLICATION, DISTRIBUTION, ETC. (IMPRINT)
Place of publication, distribution, etc ঢাকা :
Name of publisher, distributor, etc দিব্য প্রকাশ ;
Date of publication, distribution, etc 1984.
300 ## - PHYSICAL DESCRIPTION
Pagination 740 p. :
Other physical details ill ;
Dimensions 21 cm.
650 ## - SUBJECT ADDED ENTRY--TOPICAL TERM
Topical term or geographic name as entry element Archeology
650 ## - SUBJECT ADDED ENTRY--TOPICAL TERM
Topical term or geographic name as entry element Antiqvities
Geographic subdivision Bangladesh
942 ## - ADDED ENTRY ELEMENTS (KOHA)
Source of classification or shelving scheme Library of Congress Classification
Koha item type Books
Holdings
Source of classification or shelving scheme Damaged status Not for loan Home library Current library Shelving location Cost, normal purchase price Total Checkouts Full call number Barcode Date last seen Copy number Koha item type
Dewey Decimal Classification     JCC Rouf Library JCC Rouf Library General Stacks 750.00   954.92 ZAK 1984 10363 02/13/2018 C -1 Books

JCC Library | Contacts | JCC Home

Last Update on 23 September 2017
Copyright @ 2017-2020 JCC Rouf Library
Rouf Library, Jhenidah Cadet College (JCC), Bangladesh